000 05602 a2200457 4500
005 20090513122748.0
008 090513t xxu||||| |||| 00| 0 hin d
010 _aB-301811-825
020 _a 817453279x
_c7500.00(सम्पूर्ण सैट)
035 _aB-301811-825
037 _bसंजय प्रकाशन
040 _adpl
_bhn
082 _a891.403
245 _aभारतीय साहित्य कोश /
_cसुरेश गौतम तथा वीणा गौतम द्वारा संपादित
260 _aनई दिल्ली
_bसंजय प्रकाशन
_c2008
270 _a4378/4बी,209,जे.एम.डी.हाउस, गली मुरारी लाल, अंसारी रोड, दरियागंज
_bदिल्ली
_e110002
300 _axxi,698पृ.
_c25सेमी (सजिल्द)
300 _axxi,662पृ.
_b25सेमी (सजिल्द)
300 _axxi,716पृ.
_b25सेमी (सजिल्द)
490 _vभा-1
490 _vभा-2
490 _vभा-3
700 _aगौतम, सुरेश तथा गौतम, वीणा
942 _adpl
_cHN
_k / भारती
_2ddc
_h891.403
_mभारती
999 _c12426
_d12426